000 01856nam a22004337a 4500
003 CHAP
005 20220329140850.0
008 971013s1966 r 00010 d
010 _a58898
011 _a59870
035 _a64030
040 _cCHAP
082 _a036
_bC4 1966
245 _aChambers's Encyclopaedia
250 _aNew rev. ed.
260 _aOxford :
_bPergamon,
_c1966-67
300 _a15 v.
_b; sup. : ilus. ; láms.
590 _aBATCH-UPD
_b10
_c20130110
_lUCH01
_h1850
590 _aCONVERSION
_b10
_c20130109
_lUCH01
_h1332
650 1 4 _aEnciclopedias y diccionarios.
_936750
901 _aBK
942 _cLIBRO
949 _a036 C4 1966
_bBC
_cC
_d33724000464491
_eC
_fv.5
_h29165
_i64030
_si
949 _a036 C4 1966
_bBC
_cC
_d33724000464509
_eC
_fv.15
_h29175
_i64030
_si
949 _a036 C4 1966
_bBC
_cC
_d33724000464517
_eC
_fv.2
_h29162
_i64030
_si
949 _a036 C4 1966
_bBC
_cC
_d33724000464525
_eC
_fv.11
_h29171
_i64030
_si
949 _a036 C4 1966
_bBC
_cC
_d33724000464608
_eC
_fv.3
_h29163
_i64030
_si
949 _a036 C4 1966
_bBC
_cC
_d33724000464616
_eC
_fv.9
_h29169
_i64030
_si
949 _a036 C4 1966
_bBC
_cC
_d33724000464624
_eC
_fv.6
_h29166
_i64030
_si
949 _a036 C4 1966
_bBC
_cC
_d33724000464632
_eC
_fv.8
_h29168
_i64030
_si
949 _a036 C4 1966
_bBC
_cC
_d33724000464640
_eC
_fv.13
_h29173
_i64030
_si
949 _a036 C4 1966
_bBC
_cC
_d33724000464715
_eC
_fv.12
_h29172
_i64030
_si
949 _a036 C4 1966
_bBC
_cC
_d33724000464723
_eC
_fv.14
_h29174
_i64030
_si
949 _a036 C4 1966
_bBC
_cC
_d33724000464731
_eC
_fv.1
_h29161
_i64030
_si
949 _a036 C4 1966
_bBC
_cC
_d33724000464749
_eC
_fv.4
_h29164
_i64030
_si
949 _a036 C4 1966
_bBC
_cC
_d33724000464756
_eC
_fv.10
_h29170
_i64030
_si
949 _a036 C4 1966
_bBC
_cC
_d33724000464764
_eC
_fv.7
_h29167
_i64030
_si
949 _a036 C4 1966
_bBC
_cC
_d33724000480018
_eC
_fsup.
_h29176
_i64030
_si
999 _c58898
_d58898